[Event "TCh-ROU Superliga 2017"]
[Site "Baile Govora ROU"]
[Date "2017.11.13"]
[Round "3.1"]
[White "Bonte, Andrei-Mihai"]
[Black "Patrascu, Catalin  Lucian"]
[Result "1/2-1/2"]
[WhiteElo "2321"]
[BlackElo "2280"]
[PlyCount "100"]
[EventDate "2017.11.11"]
[EventType "team"]
[WhiteTeam "CSU Targoviste"]
[BlackTeam "ACS Phoenix Buzau"]

1. d4 Nf6 2. Nf3 e6 3. c4 b6 4. g3 Ba6 5. b3 Bb4+ 6. Bd2 Be7 7. Bg2 c6 8. O-O
d5 9. Ne5 Nfd7 10. Nxd7 Nxd7 11. Bc3 O-O 12. Nd2 Rc8 13. Re1 f5 14. Bb2 Bd6 15.
a4 Qe7 16. e3 Nf6 17. Bf1 Bb4 18. cxd5 Bxf1 19. d6 Qxd6 20. Rxf1 Bxd2 21. Qxd2
Qd5 22. Qc2 c5 23. dxc5 Rxc5 24. Qd1 Ne4 25. Qd4 Qb7 26. Ba3 Ng5 27. f3 Nxf3+
28. Rxf3 Qxf3 29. Bxc5 bxc5 30. Qxc5 Rd8 31. Rc1 h6 32. Qc3 Kh7 33. Re1 Rd6 34.
Qc2 Rb6 35. Qc4 Rc6 36. Qf4 Qd5 37. e4 Qxb3 38. exf5 Rc4 39. Qe5 Qb6+ 40. Kg2
Rc2+ 41. Kh3 Qf2 42. g4 h5 43. Re4 Qf3+ 44. Kh4 Rg2 45. h3 hxg4 46. Rxg4 Rxg4+
47. hxg4 exf5 48. Qxf5+ Qxf5 49. gxf5 a5 50. Kg5 Kg8 1/2-1/2

[Event "TCh-ROU Superliga 2017"]
[Site "Baile Govora ROU"]
[Date "2017.11.15"]
[Round "5.2"]
[White "Patrascu, Catalin  Lucian"]
[Black "David, Alexandru-Vasile"]
[Result "1/2-1/2"]
[WhiteElo "2280"]
[BlackElo "2414"]
[PlyCount "147"]
[EventDate "2017.11.11"]
[EventType "team"]
[WhiteTeam "ACS Phoenix Buzau"]
[BlackTeam "Acs Sah Club Vados Arad"]

1. e4 c6 2. d4 d5 3. Nd2 dxe4 4. Nxe4 Bf5 5. Ng3 Bg6 6. h4 h6 7. Nf3 Nd7 8. h5
Bh7 9. Bd3 Bxd3 10. Qxd3 e6 11. Bd2 Ngf6 12. O-O-O Bd6 13. Kb1 Bc7 14. Ne4 Qe7
15. Nxf6+ Nxf6 16. Qe2 O-O-O 17. c4 Rhe8 18. Bc3 c5 19. dxc5 Qxc5 20. Ne5 Bxe5
21. Bxe5 Ng4 22. Bxg7 Nxf2 23. Rxd8+ Rxd8 24. Rf1 Qf5+ 25. Qc2 Qxh5 26. Bf6 Ng4
27. Bxd8 Ne3 28. Qd3 Nxf1 29. Qd6 Qg6+ 30. Ka1 Qg3 31. Qc5+ Kb8 32. Ba5 Qg8 33.
Qc7+ Ka8 34. Qd7 Ne3 35. Bd8 Qg3 36. a3 Nxc4 37. Qxf7 Qe1+ 38. Ka2 Nd2 39. Qg6
Qe4 40. Qxe4 Nxe4 41. Kb3 Kb8 42. Kc4 Kc8 43. Ba5 Nd6+ 44. Kd4 Nf7 45. g4 Kd7
46. Bb4 Ke8 47. Ke4 Kd8 48. Bc5 a6 49. Bf8 Kd7 50. Bg7 Kc6 51. Bf8 Kb6 52. Bg7
Kc5 53. b3 Kd6 54. Bf8+ Kd7 55. Bc5 Ke8 56. Bb4 Kd7 57. Bf8 Kc6 58. Bg7 Kb5 59.
Bf8 Kb6 60. Bg7 Kc6 61. Bf8 Kb5 62. Be7 a5 63. a4+ Kc6 64. Bf8 b6 65. Be7 b5
66. Bf8 b4 67. Bg7 Kc7 68. Bf8 Kd7 69. Bg7 Kc7 70. Bf8 Kc6 71. Bg7 Kd7 72. Bf8
Ke8 73. Bc5 Kd7 74. Bf8 1/2-1/2

[Event "TCh-ROU Superliga 2017"]
[Site "Baile Govora ROU"]
[Date "2017.11.17"]
[Round "7.3"]
[White "Patrascu, Catalin  Lucian"]
[Black "Perunovic, Mil"]
[Result "1-0"]
[WhiteElo "2280"]
[BlackElo "2612"]
[PlyCount "77"]
[EventDate "2017.11.11"]
[EventType "team"]
[WhiteTeam "ACS Phoenix Buzau"]
[BlackTeam "CSU Universitatea de Vest Timisoara"]

1. e4 c5 2. Nf3 Nc6 3. Bb5 d6 4. O-O Bd7 5. Re1 Nf6 6. c3 a6 7. Bc4 Bg4 8. d4
Bxf3 9. gxf3 e6 10. dxc5 dxc5 11. Qxd8+ Rxd8 12. Be3 g5 13. Nd2 Rg8 14. Be2 Ne5
15. Kf1 Bd6 16. a4 a5 17. Red1 Ke7 18. Bb5 Nh5 19. Ke2 b6 20. Rac1 g4 21. Rg1
Bc7 22. Rcd1 f5 23. exf5 exf5 24. fxg4 Nxg4 25. Nf3 Nxe3 26. fxe3 Rxd1 27. Rxg8
Rb1 28. Re8+ Kf7 29. Rc8 Rxb2+ 30. Kd3 Bxh2 31. Be8+ Kg7 32. Bxh5 Bg3 33. Be8
Rf2 34. Ng5 h6 35. Ne6+ Kf6 36. Rc6 Ke7 37. Bg6 Rb2 38. Bxf5 Be5 39. Nxc5 1-0

[Event "TCh-ROU Superliga 2017"]
[Site "Baile Govora ROU"]
[Date "2017.11.19"]
[Round "9.4"]
[White "Patrascu, Catalin  Lucian"]
[Black "Musat, Adrian"]
[Result "1/2-1/2"]
[WhiteElo "2280"]
[BlackElo "2397"]
[PlyCount "81"]
[EventDate "2017.11.11"]
[EventType "team"]
[WhiteTeam "ACS Phoenix Buzau"]
[BlackTeam "Librarie.Net. SC Oltenia Craiova"]

1. e4 e5 2. Nf3 Nc6 3. Bb5 a6 4. Ba4 Nf6 5. d3 d6 6. c3 g6 7. O-O Bg7 8. Re1
O-O 9. Nbd2 b5 10. Bc2 Bb7 11. a4 Nd7 12. Nf1 h6 13. h4 Ne7 14. d4 c5 15. h5
cxd4 16. cxd4 bxa4 17. Ng3 exd4 18. Nxd4 Nc5 19. Be3 Qd7 20. Qd2 Kh7 21. Rad1
Rac8 22. Bb1 Rfd8 23. Qe2 Nb3 24. Nxb3 axb3 25. Bb6 Re8 26. Qf3 Nc6 27. Qxb3
Be5 28. Qe3 Qg4 29. hxg6+ fxg6 30. Ne2 Ne7 31. f4 Bg7 32. Qf2 Ng8 33. Nc3 Bxc3
34. bxc3 Bxe4 35. Rxd6 Bxb1 36. Rxb1 Re2 37. Bd4 Rxf2 38. Rb7+ Ne7 39. Rxe7+
Kg8 40. Bxf2 Rb8 41. Rdd7 1/2-1/2

[Event "Mondiali giovanili U18 open 2017"]
[Site "Montevideo URU"]
[Date "2017.09.17"]
[Round "1.28"]
[White "Rodriguez, Leandro"]
[Black "Patrascu, Catalin  Lucian"]
[Result "0-1"]
[WhiteElo "1464"]
[BlackElo "2227"]
[PlyCount "32"]
[EventDate "2017.09.17"]

1. e4 c5 2. Nf3 e6 3. d4 cxd4 4. Nxd4 Nc6 5. Nc3 Qc7 6. Be3 a6 7. a3 Nf6 8. Bd3
b5 9. O-O Bb7 10. b4 Nxd4 11. Bxd4 e5 12. Bc5 d6 13. Re1 dxc5 14. bxc5 Bxc5 15.
Qd2 O-O 16. a4 Bd4 0-1

[Event "Mondiali giovanili U18 open 2017"]
[Site "Montevideo URU"]
[Date "2017.09.19"]
[Round "4.14"]
[White "Patrascu, Catalin  Lucian"]
[Black "Sai, Vishwesh.C"]
[Result "1/2-1/2"]
[WhiteElo "2227"]
[BlackElo "2300"]
[PlyCount "44"]
[EventDate "2017.09.17"]

1. e4 b6 2. g3 Bb7 3. Bg2 g6 4. d3 Bg7 5. Nf3 e6 6. O-O Ne7 7. Re1 O-O 8. Nbd2
d5 9. e5 c5 10. Nf1 Nbc6 11. h4 Qc7 12. Bf4 d4 13. Qe2 Nd5 14. Bc1 Rac8 15.
N1h2 b5 16. Ng4 c4 17. Bh6 Bxh6 18. Nxh6+ Kg7 19. Qd2 Qa5 20. Qg5 Qd8 21. Qd2
Qa5 22. Qg5 Qd8 1/2-1/2

[Event "Mondiali giovanili U18 open 2017"]
[Site "Montevideo URU"]
[Date "2017.09.25"]
[Round "10.17"]
[White "Savic, Mihailo S"]
[Black "Patrascu, Catalin  Lucian"]
[Result "0-1"]
[WhiteElo "2168"]
[BlackElo "2227"]
[PlyCount "62"]
[EventDate "2017.09.17"]

1. e4 c5 2. Nf3 Nc6 3. Bb5 d6 4. O-O Bd7 5. d4 cxd4 6. Nxd4 Nf6 7. Nc3 g6 8. f3
Bg7 9. Be3 O-O 10. Qd2 Rc8 11. Bxc6 bxc6 12. Rad1 Qc7 13. Nb3 Rfd8 14. Qf2 Ra8
15. Rd2 Rdb8 16. Nd1 Be6 17. Qe2 Rb4 18. a3 Bc4 19. Qf2 Rbb8 20. Re1 Bxb3 21.
cxb3 Rxb3 22. Nc3 Nd7 23. Bd4 Bxd4 24. Qxd4 Qb6 25. Qxb6 Nxb6 26. Ree2 Nc4 27.
Rc2 Nxb2 28. Rxb2 Rxc3 29. Rb7 Kf8 30. a4 Ra3 31. e5 Rxa4 0-1

[Event "Mondiali giovanili U18 open 2017"]
[Site "Montevideo URU"]
[Date "2017.09.26"]
[Round "11.14"]
[White "Patrascu, Catalin  Lucian"]
[Black "Quinonez Garcia, Santiago"]
[Result "1/2-1/2"]
[WhiteElo "2227"]
[BlackElo "2323"]
[PlyCount "106"]
[EventDate "2017.09.17"]

1. e4 c5 2. Nf3 g6 3. g3 Nc6 4. Bg2 Bg7 5. O-O d6 6. c3 Nf6 7. Re1 O-O 8. h3
Qa5 9. d4 cxd4 10. cxd4 d5 11. e5 Ne4 12. Nbd2 Nxd2 13. Bxd2 Qb6 14. Bc3 Bf5
15. Nh2 Rad8 16. Qb3 Qxb3 17. axb3 a6 18. Nf1 f6 19. exf6 Bxf6 20. Ne3 Be6 21.
Rad1 Bf7 22. Ng4 g5 23. Rd3 Bg7 24. Rdd1 Bg6 25. Ne3 e6 26. b4 h5 27. Nf1 Rfe8
28. Nh2 Bf8 29. Nf3 Nxb4 30. Nxg5 Bf5 31. Nf3 Nc2 32. Re2 b5 33. Nh4 Bh7 34.
Ba5 Rc8 35. Bf3 Rc4 36. Bxd5 Rxd4 37. Rxd4 Nxd4 38. Re3 Bh6 39. f4 Kf7 40. Bb7
Bf8 41. Bb6 Nf5 42. Nxf5 Bxf5 43. Rc3 Bg7 44. Rc7+ Kg6 45. b4 Rb8 46. Bc5 Rd8
47. Bxa6 Rd1+ 48. Kf2 Rd2+ 49. Ke3 Rd3+ 50. Kf2 Rd2+ 51. Ke3 Rd3+ 52. Kf2 Rd2+
53. Ke3 Rd3+ 1/2-1/2

[Event "World Youth Chess Championship 2017"]
[Site "Sheraton Hotel, Montevideo"]
[Date "2017.09.18"]
[Round "2.9"]
[White "Patrascu, Catalin  Lucian"]
[Black "Escalante Ramirez, Brian Sebast"]
[Result "1/2-1/2"]
[WhiteElo "2227"]
[BlackElo "2339"]
[PlyCount "211"]
[EventDate "2017.09.17"]
[EventRounds "11"]
[EventCountry "URU"]

1. e4 c5 2. Nf3 d6 3. Bb5+ Bd7 4. Bxd7+ Qxd7 5. c4 Nf6 6. Nc3 g6 7. d4 cxd4 8.
Nxd4 Bg7 9. f3 O-O 10. Be3 Nc6 11. O-O a6 12. Rc1 e6 13. Re1 Rfd8 14. b3 Qe7
15. Rc2 Rd7 16. Rd2 Re8 17. Bf2 Bh6 18. Bh4 g5 19. Bg3 Rc8 20. Nxc6 Rxc6 21.
Nd5 Qd8 22. Nxf6+ Qxf6 23. Bxd6 g4 24. Be5 Rxd2 25. Bxf6 Be3+ 26. Kh1 Rxd1 27.
Rxd1 h5 28. e5 gxf3 29. gxf3 Rc7 30. Rd3 Bc1 31. Rd1 Be3 32. Rd3 Bc1 33. Kg2
Kh7 34. a4 Kg6 35. Bd8 Rc5 36. Bf6 b5 37. axb5 axb5 38. cxb5 Rxb5 39. Kg3 Rb4
40. Be7 Bf4+ 41. Kg2 Rb8 42. b4 Ra8 43. Rb3 Ra2+ 44. Kf1 Bxe5 45. h4 Bd4 46.
Bd8 Ra8 47. Bc7 Rc8 48. Bg3 Rc2 49. b5 Bb6 50. Rb1 Kf5 51. Re1 f6 52. Re2 Rc1+
53. Kg2 Rg1+ 54. Kh2 Rb1 55. Bf2 Bc7+ 56. Bg3 Ba5 57. Rc2 Rxb5 58. Rc1 Bd2 59.
Rc8 Kg6 60. Rg8+ Kf7 61. Rh8 Bb4 62. Rc8 Bf8 63. Rc7+ Kg6 64. Rc6 Rb2+ 65. Kh3
Re2 66. Ra6 Bg7 67. Rc6 Bh6 68. Rc4 Kf5 69. Ra4 Re3 70. Kg2 Rb3 71. Re4 Rb2+
72. Kh3 Ra2 73. Rb4 Bd2 74. Rc4 e5 75. Rc6 Be3 76. Rc4 Rd2 77. Ra4 Bc5 78. Rc4
Bd6 79. Ra4 Ke6 80. Ra6 Kf5 81. Ra4 Re2 82. Rc4 Ke6 83. Rc8 f5 84. f4 Kd7 85.
Rh8 exf4 86. Bxf4 Bxf4 87. Rd8+ Kc6 88. Rd6+ Kb7 89. Rb6+ Kc8 90. Rb8+ Kd7 91.
Rd8+ Kc6 92. Rd6+ Kc7 93. Rd7+ Kb6 94. Rd6+ Kc5 95. Rd5+ Kc4 96. Rd4+ Kc3 97.
Rc4+ Kd3 98. Rd4+ Kc2 99. Rxf4 Re5 100. Kg3 Kd3 101. Kf3 Rc5 102. Ra4 Rc1 103.
Ra5 Rf1+ 104. Kg2 Rf4 105. Kg3 Rg4+ 106. Kf3 1/2-1/2

[Event "World Youth Chess Championship 2017"]
[Site "Sheraton Hotel, Montevideo"]
[Date "2017.09.18"]
[Round "3.9"]
[White "Mihajlov, Sebastian"]
[Black "Patrascu, Catalin  Lucian"]
[Result "1/2-1/2"]
[WhiteElo "2399"]
[BlackElo "2227"]
[PlyCount "83"]
[EventDate "2017.09.17"]
[EventRounds "11"]
[EventCountry "URU"]

1. d4 f5 2. Nf3 e6 3. c4 Nf6 4. Nc3 Bb4 5. Qb3 a5 6. a3 a4 7. Qc2 Bxc3+ 8. Qxc3
b6 9. g3 Bb7 10. Bg2 O-O 11. O-O Be4 12. Bf4 Nc6 13. Bh3 Ne7 14. Ne5 d6 15. f3
dxe5 16. dxe5 Nfd5 17. cxd5 Nxd5 18. Qc1 Nxf4 19. Qxf4 Bb7 20. Rac1 Qe7 21.
Rfd1 Ra5 22. Qc4 Rxe5 23. Qxc7 Qxc7 24. Rxc7 Rd5 25. Rdc1 Ba6 26. e4 Rd2 27.
Ra7 Bb5 28. Rcc7 Rfd8 29. Rxg7+ Kf8 30. Rgf7+ Kg8 31. exf5 Rd1+ 32. Kf2 R8d2+
33. Ke3 e5 34. Rg7+ Kf8 35. Bf1 Bxf1 36. Rgf7+ Kg8 37. Rg7+ Kh8 38. Rxh7+ Kg8
39. f4 e4 40. Rhg7+ Kf8 41. Rgf7+ Kg8 42. Rg7+ 1/2-1/2

[Event "World Youth Chess Championship 2017"]
[Site "Sheraton Hotel, Montevideo"]
[Date "2017.09.20"]
[Round "5.13"]
[White "Aroesti, Roee"]
[Black "Patrascu, Catalin  Lucian"]
[Result "1-0"]
[WhiteElo "2261"]
[BlackElo "2227"]
[PlyCount "45"]
[EventDate "2017.09.17"]
[EventRounds "11"]
[EventCountry "URU"]

1. e4 c5 2. Nf3 Nc6 3. Bb5 g6 4. Bxc6 bxc6 5. O-O Bg7 6. Re1 Nf6 7. e5 Nd5 8.
c4 Nc7 9. d4 cxd4 10. Qxd4 Ne6 11. Qh4 d6 12. Nc3 dxe5 13. Nxe5 Qc7 14. Qg3 O-O
15. Kh1 Rd8 16. b3 Nd4 17. Nxg6 Qxg3 18. Nxe7+ Kf8 19. hxg3 Nc2 20. Bb2 Nxe1
21. Rxe1 Rd2 22. Ba3 Bxc3 23. Nf5+ 1-0

[Event "World Youth Chess Championship 2017"]
[Site "Sheraton Hotel, Montevideo"]
[Date "2017.09.22"]
[Round "6.18"]
[White "Patrascu, Catalin  Lucian"]
[Black "Kokaia, Guram"]
[Result "1-0"]
[WhiteElo "2227"]
[BlackElo "2089"]
[PlyCount "57"]
[EventDate "2017.09.17"]
[EventRounds "11"]
[EventCountry "URU"]

1. e4 c5 2. Nf3 e6 3. b3 a6 4. Bd3 Nc6 5. O-O Nge7 6. Re1 Ng6 7. Bb2 d6 8. Bf1
e5 9. Nc3 Nf4 10. Nd5 g5 11. g3 Ne6 12. Bh3 Be7 13. Bf5 Ng7 14. Bxc8 Rxc8 15.
c3 O-O 16. d4 f6 17. Qd3 Rf7 18. b4 Bf8 19. Rad1 exd4 20. cxd4 Ne6 21. Qb3 g4
22. Ne3 Qe8 23. Nxg4 cxd4 24. Nxd4 Ncxd4 25. Bxd4 Bg7 26. Bb2 Rc6 27. Ne3 Ng5
28. Nf5 Qf8 29. h4 1-0

[Event "World Youth Chess Championship 2017"]
[Site "Sheraton Hotel, Montevideo"]
[Date "2017.09.22"]
[Round "7.10"]
[White "Patrascu, Catalin  Lucian"]
[Black "Haria, Ravi"]
[Result "1-0"]
[WhiteElo "2227"]
[BlackElo "2398"]
[PlyCount "91"]
[EventDate "2017.09.17"]
[EventRounds "11"]
[EventCountry "URU"]

1. Nf3 Nf6 2. g3 e6 3. Bg2 d5 4. O-O Be7 5. c4 O-O 6. b3 b6 7. Bb2 Bb7 8. e3 c5
9. Nc3 Qc8 10. Qe2 Rd8 11. cxd5 Nxd5 12. Rfd1 Nc6 13. d4 Ba6 14. Nb5 Bf6 15.
Rac1 Qd7 16. a4 Ndb4 17. dxc5 Qe7 18. cxb6 axb6 19. Bxf6 Qxf6 20. Nd2 Rac8 21.
Nc4 Na5 22. Nxa5 Rxc1 23. Rxc1 bxa5 24. h3 g6 25. Rd1 Rxd1+ 26. Qxd1 h5 27. h4
Kh7 28. Qd7 Qa1+ 29. Kh2 Qf6 30. Nd6 Kg8 31. Ne4 Qf5 32. Qd8+ Kg7 33. Qd4+ e5
34. Qd8 Bd3 35. Qxa5 Nc2 36. Qd5 Ne1 37. Kg1 Be2 38. Nd6 Qb1 39. Qxf7+ Kh8 40.
Qf8+ Kh7 41. Qe7+ Kh8 42. Nf7+ Kg8 43. Nh6+ Kh8 44. Qf8+ Kh7 45. Qg8+ Kxh6 46.
Qh8# 1-0

[Event "World Youth Chess Championship 2017"]
[Site "Sheraton Hotel, Montevideo"]
[Date "2017.09.23"]
[Round "8.6"]
[White "Cori Quispe, Kevin Joel"]
[Black "Patrascu, Catalin  Lucian"]
[Result "1-0"]
[WhiteElo "2411"]
[BlackElo "2227"]
[PlyCount "105"]
[EventDate "2017.09.17"]
[EventRounds "11"]
[EventCountry "URU"]

1. e4 c5 2. Nf3 e6 3. d4 cxd4 4. Nxd4 Nc6 5. Nc3 Qc7 6. Be3 a6 7. a3 Nf6 8. f4
Nxd4 9. Bxd4 Qxf4 10. g3 Qc7 11. e5 Nd5 12. Nxd5 exd5 13. Bg2 d6 14. Qe2 Be6
15. O-O-O O-O-O 16. exd6 Bxd6 17. Bxg7 Rhg8 18. Bf6 Be7 19. Bxe7 Qxe7 20. Rd4
Qg5+ 21. Kb1 Kb8 22. Re1 Rg6 23. Bf3 Rf6 24. Red1 Rf5 25. Qg2 Qe3 26. R4d3 Qe5
27. Qg1 Rd6 28. Bg2 Qf6 29. Qd4 Qxd4 30. Rxd4 Rf2 31. R4d2 Rxd2 32. Rxd2 d4 33.
Be4 f5 34. Bd3 Bc8 35. Rf2 Rh6 36. Kc1 Kc7 37. Kd2 Kd6 38. Ke1 Ke5 39. Re2+ Kd6
40. Kf1 Be6 41. Kg2 Rf6 42. Kf3 Rg6 43. Re1 Rh6 44. Re2 Rg6 45. h3 Rh6 46. Kf4
Bd7 47. Rh2 Rf6 48. Bc4 Bc6 49. Rd2 Kc5 50. Bd3 Bd7 51. Bf1 b5 52. b4+ Kd5 53.
c3 1-0

[Event "World Youth Chess Championship 2017"]
[Site "Sheraton Hotel, Montevideo"]
[Date "2017.09.24"]
[Round "9.10"]
[White "Patrascu, Catalin  Lucian"]
[Black "Agmanov, Zhandos"]
[Result "0-1"]
[WhiteElo "2227"]
[BlackElo "2400"]
[PlyCount "104"]
[EventDate "2017.09.17"]
[EventRounds "11"]
[EventCountry "URU"]

1. Nf3 Nf6 2. c4 e6 3. g3 d5 4. b3 d4 5. Bg2 c5 6. e3 Nc6 7. exd4 cxd4 8. d3
Bd6 9. O-O O-O 10. Ba3 e5 11. Bxd6 Qxd6 12. Nbd2 Bf5 13. Ne1 Rae8 14. Qe2 Bg6
15. a3 a5 16. Ne4 Qe7 17. Nf3 Bh5 18. Qd2 Nd7 19. Qg5 Bxf3 20. Qxe7 Rxe7 21.
Bxf3 f5 22. Nd6 Nc5 23. Bd5+ Kh8 24. Rab1 Nxd3 25. Nxf5 Rxf5 26. Be4 g6 27.
Bxd3 e4 28. Be2 d3 29. Bd1 Rc5 30. Rb2 a4 31. bxa4 Rxc4 32. Kg2 Rc3 33. Bb3 Rd7
34. Be6 Rd6 35. Bc8 Na5 36. Bxb7 d2 37. Rd1 Nxb7 38. Rdxd2 Rxd2 39. Rxd2 Rxa3
40. Rd4 e3 41. Re4 Nc5 42. Re8+ Kg7 43. fxe3 Ra2+ 44. Kf3 Rxh2 45. a5 Ra2 46.
Ra8 h5 47. Kf4 Nb3 48. a6 Nc5 49. a7 Ne6+ 50. Ke5 Nc7 51. Rd8 Rxa7 52. Rd7+ Kh6
0-1

[Event "27th Seacoast Trophy 2017"]
[Site "Eforie Nord ROU"]
[Date "2017.06.22"]
[Round "4.3"]
[White "Patrascu, Catalin  Lucian"]
[Black "Nevednichy, Vladislav"]
[Result "1/2-1/2"]
[WhiteElo "2253"]
[BlackElo "2533"]
[PlyCount "118"]
[EventDate "2017.06.19"]

1. e4 c5 2. Ne2 Nc6 3. d4 cxd4 4. Nxd4 Nf6 5. Nc3 d6 6. Bg5 e6 7. Qd2 a6 8.
O-O-O Bd7 9. f4 Be7 10. Nf3 b5 11. Bd3 b4 12. Ne2 Qb6 13. f5 a5 14. Nf4 Qc5 15.
Nxe6 fxe6 16. Be3 b3 17. a3 bxc2 18. Bxc5 cxd1=Q+ 19. Rxd1 dxc5 20. Bc4 e5 21.
Qg5 O-O-O 22. Qxg7 Rhf8 23. Nxe5 Nh5 24. Qh6 Rf6 25. Qxh5 Nxe5 26. Bd5 Rb6 27.
Be6 Bf6 28. Qxh7 c4 29. Bxd7+ Rxd7 30. Rxd7 Nxd7 31. Qg8+ Kc7 32. Kd1 Rd6+ 33.
Ke2 Rc6 34. Qd5 Rc5 35. Qd2 Rb5 36. Kf3 Bxb2 37. a4 Rb3+ 38. Kg4 Bc3 39. Qh6
Bf6 40. Qd2 c3 41. Qd5 Rb6 42. Qd1 Rc6 43. Qc2 Ne5+ 44. Kf4 Nc4 45. g4 Be5+ 46.
Kg5 Ne3 47. Qb3 Nc4 48. Qc2 Nd6 49. Kh5 Rb6 50. f6 Bxf6 51. Qf2 Rc6 52. Qxf6 c2
53. Qg7+ Kc8 54. Qh8+ Kd7 55. Qg7+ Ke6 56. Qg8+ Kd7 57. Qg7+ Kc8 58. Qh8+ Kc7
59. Qg7+ Kc8 1/2-1/2

[Event "27th Seacoast Trophy 2017"]
[Site "Eforie Nord ROU"]
[Date "2017.06.23"]
[Round "5.4"]
[White "Itkis, Boris"]
[Black "Patrascu, Catalin  Lucian"]
[Result "1-0"]
[WhiteElo "2371"]
[BlackElo "2253"]
[PlyCount "86"]
[EventDate "2017.06.19"]

1. d4 Nf6 2. c4 e6 3. g3 d5 4. Bg2 Be7 5. Nf3 O-O 6. Nc3 b6 7. O-O c6 8. Ne5
Nfd7 9. cxd5 Nxe5 10. dxe5 cxd5 11. Nxd5 exd5 12. Qxd5 Qxd5 13. Bxd5 Bh3 14.
Bxa8 Bxf1 15. Kxf1 Nd7 16. Bd5 Nxe5 17. Bf4 Rd8 18. Bb3 Nc6 19. Rc1 Bc5 20. Bg5
Rd6 21. Ba4 Rd5 22. Be3 Ne7 23. Bxc5 Rxc5 24. Rd1 Rd5 25. Rxd5 Nxd5 26. e4 Nc7
27. Ke2 Kf8 28. Ke3 Ke7 29. e5 f6 30. Ke4 Ke6 31. Bb3+ Ke7 32. Bg8 h6 33. a3 a5
34. Bc4 fxe5 35. Kxe5 Kd7 36. f4 Ke7 37. h4 Kd7 38. a4 Ke7 39. g4 Ne8 40. g5
Nd6 41. b3 Nb7 42. f5 hxg5 43. hxg5 Nc5 1-0

[Event "Camp. rumeno 2017"]
[Site "Calimanesti-Caciulata ROM"]
[Date "2017.03.30"]
[Round "6.25"]
[White "Coca, Cristi-Iulian"]
[Black "Patrascu, Catalin  Lucian"]
[Result "1/2-1/2"]
[WhiteElo "1929"]
[BlackElo "2275"]
[PlyCount "87"]
[EventDate "2017.03.25"]

1. c4 e5 2. g3 c5 3. Bg2 Nc6 4. Nc3 g6 5. a3 a5 6. Nf3 Bg7 7. d3 Nge7 8. Nd2
O-O 9. Nf1 d6 10. Ne3 Rb8 11. O-O Be6 12. Rb1 Qd7 13. Ned5 b6 14. Re1 Bh3 15.
Bh1 Nxd5 16. Nxd5 Ne7 17. b4 Nxd5 18. Bxd5 Be6 19. Bg2 axb4 20. axb4 d5 21. Ba3
dxc4 22. bxc5 bxc5 23. dxc4 Rxb1 24. Qxb1 Qa7 25. Qd3 Bxc4 26. Qe3 Rc8 27. Rc1
Qa6 28. Bf3 Qb5 29. g4 f5 30. gxf5 gxf5 31. Qg5 Rf8 32. e4 Kh8 33. exf5 Rg8 34.
Bg2 Qa6 35. Bb2 Bf6 36. Qd2 Qb7 37. f3 Bd5 38. Kf2 Qg7 39. Bh1 Bh4+ 40. Ke2 Bb7
41. Qd6 Bf6 42. Rg1 Qxg1 43. Qxf6+ Qg7 44. Bxe5 1/2-1/2

[Event "Camp. rumeno 2017"]
[Site "Calimanesti-Caciulata ROM"]
[Date "2017.04.01"]
[Round "8.20"]
[White "Isfan, Ioan-Marius"]
[Black "Patrascu, Catalin  Lucian"]
[Result "1-0"]
[WhiteElo "1955"]
[BlackElo "2275"]
[PlyCount "129"]
[EventDate "2017.03.25"]

1. d4 Nf6 2. Nf3 e6 3. c4 d5 4. Nc3 c6 5. Qb3 Nbd7 6. Bg5 h6 7. Bh4 Qa5 8. Nd2
Bb4 9. e3 O-O 10. Bd3 Re8 11. O-O e5 12. cxd5 cxd5 13. dxe5 Rxe5 14. a3 Bf8 15.
Qb5 Qd8 16. Nf3 a6 17. Qa4 Rh5 18. Bc2 Qb6 19. Qb4 Qe6 20. Ne2 Nc5 21. Qc3 Nfe4
22. Qd4 Qe8 23. Nf4 Ne6 24. Nxe6 Qxe6 25. Qd1 g6 26. Bg3 Bg7 27. Nd4 Qb6 28.
Bxe4 dxe4 29. Qc2 Bd7 30. Qxe4 Re8 31. Qf3 Rc5 32. Rad1 Bb5 33. Rfe1 Bd7 34. b4
Rc3 35. Qd5 Ba4 36. Rc1 Rxc1 37. Rxc1 Rd8 38. Qe4 Re8 39. Qd3 Qf6 40. h3 h5 41.
Rc7 h4 42. Bh2 Re7 43. Qc4 Rxc7 44. Bxc7 Qe7 45. Bf4 Bf6 46. Qd5 Qd7 47. Qc5
Qe7 48. Qxe7 Bxe7 49. Nf3 f6 50. Nxh4 Kf7 51. Bc7 Bc2 52. Nf3 Bd3 53. Nd4 f5
54. f3 Kf6 55. e4 Kf7 56. Kf2 Bf8 57. g3 Ke7 58. h4 Kd7 59. Bb6 g5 60. a4 gxh4
61. gxh4 Bh6 62. h5 Bc1 63. Kg3 Bd2 64. Nxf5 Ke6 65. h6 1-0

[Event "Finala Campionatului National Individua"]
[Site "Calimanesti"]
[Date "2017.03.26"]
[Round "2.6"]
[White "Marin , Mihail"]
[Black "Patrascu, Catalin  Lucian"]
[Result "1/2-1/2"]
[WhiteElo "2539"]
[BlackElo "2275"]
[PlyCount "70"]
[EventDate "2017.03.25"]
[EventRounds "9"]

1. Nf3 Nf6 2. c4 e6 3. g3 d5 4. Bg2 Be7 5. O-O O-O 6. d4 c6 7. Nc3 Nbd7 8. Qd3
b6 9. b3 Ba6 10. Rd1 Rc8 11. Bb2 c5 12. Nb5 Bxb5 13. cxb5 Ne4 14. Ne5 Ndf6 15.
Rac1 cxd4 16. Rxc8 Qxc8 17. Nc6 Qb7 18. Nxe7+ Qxe7 19. Qxd4 Rc8 20. Bxe4 dxe4
21. a4 h6 22. Qd6 Qxd6 23. Rxd6 Nd5 24. Bd4 Rc1+ 25. Kg2 Rd1 26. e3 Rd2 27.
Rd8+ Kh7 28. Ra8 f6 29. Rxa7 e5 30. Bxb6 Nxb6 31. a5 Nd5 32. Kf1 Rd1+ 33. Kg2
Rd2 34. Kf1 Rd1+ 35. Kg2 Rd2 1/2-1/2

[Event "Finala Campionatului National Individua"]
[Site "Calimanesti"]
[Date "2017.03.27"]
[Round "3.8"]
[White "Patrascu, Catalin  Lucian"]
[Black "Berescu, Alin Mile"]
[Result "1/2-1/2"]
[WhiteElo "2275"]
[BlackElo "2472"]
[PlyCount "72"]
[EventDate "2017.03.25"]
[EventRounds "9"]

1. d4 Nf6 2. c4 e6 3. Nc3 Bb4 4. e3 O-O 5. Nge2 c6 6. a3 Ba5 7. b4 Bc7 8. d5 d6
9. g3 a5 10. Bb2 Nbd7 11. Bg2 Ne5 12. dxc6 bxc6 13. Nb5 Nxc4 14. Bxf6 Qxf6 15.
Bxc6 Ra6 16. Bg2 Bb6 17. O-O axb4 18. axb4 Qe5 19. Nbd4 Nxe3 20. fxe3 Qxe3+ 21.
Kh1 Rxa1 22. Qxa1 e5 23. Nc6 Qxe2 24. Ne7+ Kh8 25. Qa8 Qc4 26. b5 Bd4 27. Qb8
Re8 28. Nc6 e4 29. Qxd6 Bc5 30. Qc7 e3 31. Ne5 Qxb5 32. Nxf7+ Kg8 33. Nh6+ Kh8
34. Nf7+ Kg8 35. Nh6+ Kh8 36. Nf7+ Kg8 1/2-1/2

[Event "Finala Campionatului National Individua"]
[Site "Calimanesti"]
[Date "2017.04.02"]
[Round "9.21"]
[White "Patrascu, Catalin  Lucian"]
[Black "Tufa, Mihai"]
[Result "1-0"]
[WhiteElo "2275"]
[BlackElo "1983"]
[PlyCount "83"]
[EventDate "2017.03.25"]
[EventRounds "9"]

1. e4 c5 2. Nf3 Nc6 3. Bb5 e5 4. O-O d6 5. c3 a6 6. Bxc6+ bxc6 7. d4 cxd4 8.
cxd4 f6 9. h3 Ne7 10. Nc3 Ng6 11. Be3 Be7 12. Qa4 Bd7 13. Qc4 Qc8 14. Rac1 Be6
15. Qe2 Qb7 16. Rfd1 O-O 17. b3 d5 18. Qb2 dxe4 19. Nxe4 Bd5 20. Nc5 Bxc5 21.
dxc5 Rae8 22. Nd2 f5 23. f3 Rd8 24. Qc2 Qb5 25. Nc4 e4 26. f4 Bxc4 27. Qxc4+
Qxc4 28. bxc4 Rd3 29. Rxd3 exd3 30. Rd1 Rd8 31. Kf2 Nf8 32. Ke1 Ne6 33. Kd2 Nd4
34. Rb1 Ne2 35. Rb3 Ng3 36. Rxd3 Ne4+ 37. Ke2 Rxd3 38. Kxd3 Kf7 39. Kc2 g6 40.
Kb3 a5 41. Ka4 Ke6 42. Kxa5 1-0

[Event "Campionatul National de sah al Romaniei"]
[Site "Baile Felix"]
[Date "2017.02.02"]
[Round "1.5"]
[White "Patrascu, Catalin  Lucian"]
[Black "Stejeroiu, Vlad"]
[Result "1-0"]
[WhiteElo "2241"]
[BlackElo "2003"]
[PlyCount "57"]
[EventDate "2017.02.02"]
[EventRounds "9"]

1. e4 c5 2. Nf3 e6 3. d4 cxd4 4. Nxd4 a6 5. Bd3 Qc7 6. Nc3 Nf6 7. f4 d6 8. O-O
Nbd7 9. Kh1 b5 10. Qe2 Bb7 11. Bd2 e5 12. Nf5 h6 13. a4 b4 14. Nd5 Nxd5 15.
exd5 Bxd5 16. Bxb4 g6 17. Ne3 Bb7 18. Nc4 d5 19. Ba5 Qb8 20. Nxe5 Nxe5 21. fxe5
Bg7 22. Bb4 Bc8 23. Bd6 Qb7 24. Ra3 Be6 25. Rb3 Qc6 26. a5 Qa4 27. Bxa6 Qxa5
28. Bb5+ Kd8 29. Ra3 1-0